The book of JavaScript : (رقم التسجيلة. 180138)

تفاصيل مارك
000 -LEADER
fixed length control field 01315camaa22003491i 4500
001 - CONTROL NUMBER
control field 11866683
003 - CONTROL NUMBER IDENTIFIER
control field EG-GICUC
005 - DATE AND TIME OF LATEST TRANSACTION
control field 20260514134809.0
008 - FIXED-LENGTH DATA ELEMENTS--GENERAL INFORMATION
fixed length control field 991213s2000 caua jrb 001 0 eng
010 ## - LIBRARY OF CONGRESS CONTROL NUMBER
LC control number 99087609
020 ## - INTERNATIONAL STANDARD BOOK NUMBER
International Standard Book Number 1886411360
020 ## - INTERNATIONAL STANDARD BOOK NUMBER
International Standard Book Number 9781886411364
040 ## - CATALOGING SOURCE
Original cataloging agency DLC
Transcribing agency DLC
Modifying agency DLC
-- EG-GICUC
Language of cataloging eng
Description conventions rda
082 00 - DEWEY DECIMAL CLASSIFICATION NUMBER
Classification number 005.2/762
Edition number 21
Item number T33
092 04 - LOCALLY ASSIGNED DEWEY CALL NUMBER (OCLC)
Edition number 21
Classification number 005.2/762
Item number T33
099 ## - LOCAL FREE-TEXT CALL NUMBER (OCLC)
Classification number 005.2/762 T33
100 1# - MAIN ENTRY--PERSONAL NAME
Personal name Thau.
Relator term Author.
245 14 - TITLE STATEMENT
Title The book of JavaScript :
Remainder of title a practical guide to interactive Web pages /
Statement of responsibility, etc. Thau.
264 ## - PRODUCTION, PUBLICATION, DISTRIBUTION, MANUFACTURE, AND COPYRIGHT NOTICE
Place of production, publication, distribution, manufacture San Francisco, Calif. :
Name of producer, publisher, distributor, manufacturer No Starch Press,
Date of production, publication, distribution, manufacture, or copyright notice 2000.
300 ## - PHYSICAL DESCRIPTION
Extent xix, 397 page. :
Other physical details illustration ;
Dimensions 24 cm. +
Accompanying material 1 computer laser optical disc (4 3/4 in.)
336 ## - CONTENT TYPE
Content type term text
Content type code txt
Source rdacontent
337 ## - MEDIA TYPE
Media type term unmediated
Media type code n
Source rdamedia
338 ## - CARRIER TYPE
Carrier type term volume
Carrier type code nc
Source rdacarrier
500 ## - GENERAL NOTE
General note Includes index.
504 ## - BIBLIOGRAPHY, ETC. NOTE
Bibliography, etc. note Bibliography: pages 379-397.
541 ## - IMMEDIATE SOURCE OF ACQUISITION NOTE
Source of acquisition وزارة الثقافة ؛
Address القاهرة ؛
Method of acquisition إهداء ؛
Date of acquisition 2023.
650 #0 - SUBJECT ADDED ENTRY--TOPICAL TERM
Topical term or geographic name entry element JavaScript (Computer program language)
856 42 - ELECTRONIC LOCATION AND ACCESS
Materials specified Publisher description
Uniform Resource Identifier <a href="http://www.loc.gov/catdir/enhancements/fy0716/99087609-d.html">http://www.loc.gov/catdir/enhancements/fy0716/99087609-d.html</a>
856 42 - ELECTRONIC LOCATION AND ACCESS
Materials specified Contributor biographical information
Uniform Resource Identifier <a href="http://www.loc.gov/catdir/enhancements/fy0913/99087609-b.html">http://www.loc.gov/catdir/enhancements/fy0913/99087609-b.html</a>
905 ## - Cataloger and Reviser Names
Cataloger Name Samah
942 ## - ADDED ENTRY ELEMENTS (KOHA)
Source of classification or shelving scheme Dewey Decimal Classification
Koha item type Books
Edition 21
Suppress in OPAC No
المقتنيات
Withdrawn status Lost status Source of classification or shelving scheme Damaged status Not for loan Home library Current library Date acquired Inventory number Total checkouts Full call number Barcode Date last seen Price effective from Koha item type
    Dewey Decimal Classification   Not for loan مكتبة جامعة القاهرة الاهلية قاعة الهندسة 14.05.2026 19   005.2/762 T33 02010001900000 14.05.2026 14.05.2026 Books
Cairo University Libraries Portal Implemented & Customized by: Eng. M. Mohamady Contacts: new-lib@cl.cu.edu.eg | cnul@cl.cu.edu.eg
CUCL logo CNUL logo
© All rights reserved — Cairo University Libraries
CUCL logo
Implemented & Customized by: Eng. M. Mohamady Contact: new-lib@cl.cu.edu.eg © All rights reserved — New Central Library
CNUL logo
Implemented & Customized by: Eng. M. Mohamady Contact: cnul@cl.cu.edu.eg © All rights reserved — Cairo National University Library